[Event "55th Ilmar raud Memorial"]
[Site "Viljandi, Estonia"]
[Date "2021.07.05"]
[Round "3.1"]
[White "Kiik, Kalle"]
[Black "Laurusas, Tomas"]
[Result "0-1"]
[WhiteElo "2382"]
[BlackElo "2518"]

1. d4 {[%clk 01:30:55]} {[%emt 00:00:04]} Nf6 {[%clk 01:27:41]} {[%emt
00:03:19]} 2. c4 {[%clk 01:30:31]} {[%emt 00:00:51]} c6 {[%clk 01:21:49]}
{[%emt 00:06:27]} 3. d5 {[%clk 01:24:25]} {[%emt 00:06:35]} e6 {[%clk
01:14:15]} {[%emt 00:08:04]} 4. dxe6 {[%clk 01:22:05]} {[%emt 00:02:51]} dxe6
{[%clk 01:13:07]} {[%emt 00:01:37]} 5. Qxd8+ {[%clk 01:21:39]} {[%emt
00:00:56]} Kxd8 {[%clk 01:13:31]} {[%emt 00:00:07]} 6. Nf3 {[%clk 01:20:18]}
{[%emt 00:01:50]} Nbd7 {[%clk 01:05:17]} {[%emt 00:08:45]} 7. Nc3 {[%clk
01:17:27]} {[%emt 00:03:20]} h6 {[%clk 00:56:19]} {[%emt 00:09:29]} 8. Bd2
{[%clk 01:15:27]} {[%emt 00:02:29]} e5 {[%clk 00:53:06]} {[%emt 00:03:44]} 9.
O-O-O {[%clk 01:06:14]} {[%emt 00:09:42]} Kc7 {[%clk 00:52:52]} {[%emt
00:00:45]} 10. h3 {[%clk 01:03:36]} {[%emt 00:03:07]} Bc5 {[%clk 00:47:34]}
{[%emt 00:05:48]} 11. Be1 {[%clk 01:03:09]} {[%emt 00:00:56]} Re8 {[%clk
00:45:09]} {[%emt 00:02:56]} 12. e4 {[%clk 00:59:01]} {[%emt 00:04:37]} a5
{[%clk 00:43:41]} {[%emt 00:01:58]} 13. Bd3 {[%clk 00:54:24]} {[%emt 00:05:07]}
Nb6 {[%clk 00:30:29]} {[%emt 00:13:43]} 14. Rf1 {[%clk 00:46:27]} {[%emt
00:08:26]} Nfd7 {[%clk 00:30:05]} {[%emt 00:00:55]} 15. Bd2 {[%clk 00:44:35]}
{[%emt 00:02:21]} Bb4 {[%clk 00:30:02]} {[%emt 00:00:34]} 16. a3 {[%clk
00:38:34]} {[%emt 00:06:31]} Nc5 {[%clk 00:25:15]} {[%emt 00:05:17]} 17. Be2
{[%clk 00:26:06]} {[%emt 00:12:57]} Nb3+ {[%clk 00:24:25]} {[%emt 00:01:21]} 18.
Kc2 {[%clk 00:26:23]} {[%emt 00:00:12]} Nxd2 {[%clk 00:24:37]} {[%emt
00:00:19]} 19. Nxd2 {[%clk 00:26:34]} {[%emt 00:00:19]} Be7 {[%clk 00:20:16]}
{[%emt 00:04:51]} 20. Bg4 {[%clk 00:22:24]} {[%emt 00:04:39]} a4 {[%clk
00:20:26]} {[%emt 00:00:22]} 21. g3 {[%clk 00:20:39]} {[%emt 00:02:14]} Bxg4
{[%clk 00:19:21]} {[%emt 00:01:36]} 22. hxg4 {[%clk 00:21:02]} {[%emt
00:00:06]} Bc5 {[%clk 00:19:48]} {[%emt 00:00:04]} 23. f4 {[%clk 00:19:22]}
{[%emt 00:02:09]} Be3 {[%clk 00:17:37]} {[%emt 00:02:42]} 24. Ncb1 {[%clk
00:18:57]} {[%emt 00:00:54]} Rad8 {[%clk 00:17:34]} {[%emt 00:00:34]} 25. Rf3
{[%clk 00:19:14]} {[%emt 00:00:13]} Bd4 {[%clk 00:17:39]} {[%emt 00:00:26]} 26.
Nc3 {[%clk 00:13:54]} {[%emt 00:05:49]} Re7 {[%clk 00:13:43]} {[%emt 00:04:27]}
27. Rd3 {[%clk 00:12:54]} {[%emt 00:01:29]} Red7 {[%clk 00:13:49]} {[%emt
00:00:25]} 28. Ne2 {[%clk 00:11:11]} {[%emt 00:02:12]} Bf2 {[%clk 00:13:06]}
{[%emt 00:01:13]} 29. Rxd7+ {[%clk 00:07:17]} {[%emt 00:04:24]} Rxd7 {[%clk
00:13:30]} {[%emt 00:00:05]} 30. fxe5 {[%clk 00:07:01]} {[%emt 00:00:46]} Be3
{[%clk 00:13:14]} {[%emt 00:00:47]} 31. Nf4 {[%clk 00:05:59]} {[%emt 00:01:32]}
Rxd2+ {[%clk 00:13:26]} {[%emt 00:00:18]} 32. Rxd2 {[%clk 00:06:24]} {[%emt
00:00:05]} Bxd2 {[%clk 00:13:53]} {[%emt 00:00:03]} 0-1

[Event "55th Ilmar raud Memorial"]
[Site "Viljandi, Estonia"]
[Date "2021.07.05"]
[Round "3.2"]
[White "Pultinevicius, Paulius"]
[Black "Golubovskis, Maksims"]
[Result "1-0"]
[WhiteElo "2492"]
[BlackElo "2302"]

1. d4 {[%clk 01:30:57]} Nf6 {[%clk 01:28:41]} {[%emt 00:02:19]} 2. c4 {[%clk
01:31:21]} {[%emt 00:00:07]} e6 {[%clk 01:28:59]} {[%emt 00:00:12]} 3. Nf3
{[%clk 01:31:44]} {[%emt 00:00:07]} b6 {[%clk 01:28:58]} {[%emt 00:00:32]} 4.
g3 {[%clk 01:30:29]} {[%emt 00:01:45]} Bb7 {[%clk 01:29:10]} {[%emt 00:00:17]}
5. Bg2 {[%clk 01:30:36]} {[%emt 00:00:24]} Be7 {[%clk 01:29:09]} {[%emt
00:00:30]} 6. O-O {[%clk 01:30:57]} {[%emt 00:00:09]} O-O {[%clk 01:29:18]}
{[%emt 00:00:17]} 7. Re1 {[%clk 01:27:40]} {[%emt 00:03:51]} d5 {[%clk
01:28:43]} {[%emt 00:01:05]} 8. cxd5 {[%clk 01:26:13]} {[%emt 00:01:58]} exd5
{[%clk 01:28:59]} {[%emt 00:00:12]} 9. Nc3 {[%clk 01:26:38]} {[%emt 00:00:07]}
Ne4 {[%clk 01:28:58]} {[%emt 00:00:30]} 10. Qc2 {[%clk 01:23:14]} {[%emt
00:03:55]} Nd7 {[%clk 01:27:20]} {[%emt 00:02:08]} 11. Rd1 {[%clk 01:13:53]}
{[%emt 00:09:52]} f5 {[%clk 01:12:40]} {[%emt 00:15:10]} 12. Ne5 {[%clk
01:10:13]} {[%emt 00:04:09]} c5 {[%clk 01:00:06]} {[%emt 00:13:04]} 13. Be3
{[%clk 00:46:51]} {[%emt 00:23:52]} Rc8 {[%clk 00:35:06]} {[%emt 00:25:31]} 14.
Qb3 {[%clk 00:41:33]} {[%emt 00:05:48]} Nxe5 {[%clk 00:28:36]} {[%emt
00:06:59]} 15. dxe5 {[%clk 00:41:39]} {[%emt 00:00:24]} c4 {[%clk 00:25:21]}
{[%emt 00:03:46]} 16. Qa4 {[%clk 00:40:06]} {[%emt 00:02:03]} Nxc3 {[%clk
00:23:00]} {[%emt 00:02:51]} 17. bxc3 {[%clk 00:40:26]} {[%emt 00:00:09]} a6
{[%clk 00:21:34]} {[%emt 00:01:56]} 18. Rd2 {[%clk 00:40:03]} {[%emt 00:00:53]}
b5 {[%clk 00:19:11]} {[%emt 00:02:53]} 19. Qd1 {[%clk 00:39:52]} {[%emt
00:00:40]} Qa5 {[%clk 00:19:11]} {[%emt 00:00:31]} 20. a4 {[%clk 00:34:50]}
{[%emt 00:05:32]} bxa4 {[%clk 00:17:57]} {[%emt 00:01:44]} 21. Rb1 {[%clk
00:33:26]} {[%emt 00:01:54]} Bc6 {[%clk 00:17:39]} {[%emt 00:00:48]} 22. Bxd5+
{[%clk 00:33:15]} {[%emt 00:00:41]} Bxd5 {[%clk 00:16:33]} {[%emt 00:01:36]} 23.
Rxd5 {[%clk 00:33:39]} {[%emt 00:00:06]} Qxc3 {[%clk 00:16:59]} {[%emt
00:00:03]} 24. Rb7 {[%clk 00:32:42]} {[%emt 00:01:27]} Rfe8 {[%clk 00:16:20]}
{[%emt 00:01:10]} 25. Bd4 {[%clk 00:21:17]} {[%emt 00:11:54]} Qa3 {[%clk
00:16:49]} {[%emt 00:00:01]} 26. Bb2 {[%clk 00:21:41]} {[%emt 00:00:06]} Qa2
{[%clk 00:17:03]} {[%emt 00:00:16]} 27. Bc3 {[%clk 00:21:43]} {[%emt 00:00:28]}
Qa3 {[%clk 00:16:14]} {[%emt 00:01:19]} 28. Qd4 {[%clk 00:15:02]} {[%emt
00:07:11]} Bc5 {[%clk 00:13:52]} {[%emt 00:02:52]} 29. Rxc5 {[%clk 00:14:55]}
{[%emt 00:00:36]} Qxc5 {[%clk 00:14:21]} {[%emt 00:00:02]} 30. Qd7 {[%clk
00:15:16]} {[%emt 00:00:09]} Qf8 {[%clk 00:14:48]} {[%emt 00:00:03]} 31. e6
{[%clk 00:13:09]} {[%emt 00:02:37]} a3 {[%clk 00:14:10]} {[%emt 00:01:08]} 32.
Qf7+ {[%clk 00:13:34]} {[%emt 00:00:05]} 1-0

[Event "55th Ilmar raud Memorial"]
[Site "Viljandi, Estonia"]
[Date "2021.07.05"]
[Round "3.3"]
[White "Haitin, Ilja"]
[Black "Miezis, Normunds"]
[Result "0-1"]
[WhiteElo "2348"]
[BlackElo "2472"]

1. e4 {[%clk 01:30:58]} {[%emt 00:00:01]} c5 {[%clk 01:30:45]} {[%emt
00:00:15]} 2. f4 {[%clk 01:31:23]} {[%emt 00:00:06]} d5 {[%clk 01:30:02]}
{[%emt 00:01:12]} 3. exd5 {[%clk 01:31:35]} {[%emt 00:00:18]} Qxd5 {[%clk
01:29:44]} {[%emt 00:00:48]} 4. Nc3 {[%clk 01:31:38]} {[%emt 00:00:28]} Qd8
{[%clk 01:28:20]} {[%emt 00:01:54]} 5. Nf3 {[%clk 01:31:45]} {[%emt 00:00:23]}
Nc6 {[%clk 01:26:34]} {[%emt 00:02:15]} 6. g3 {[%clk 01:31:36]} {[%emt
00:00:40]} g6 {[%clk 01:26:02]} {[%emt 00:01:02]} 7. Bg2 {[%clk 01:31:45]}
{[%emt 00:00:21]} Bg7 {[%clk 01:26:11]} {[%emt 00:00:21]} 8. d3 {[%clk
01:30:40]} {[%emt 00:01:35]} Nh6 {[%clk 01:25:39]} {[%emt 00:01:01]} 9. Be3
{[%clk 01:29:43]} {[%emt 00:01:27]} Nd4 {[%clk 01:25:19]} {[%emt 00:00:50]} 10.
O-O {[%clk 01:25:20]} {[%emt 00:04:54]} Ng4 {[%clk 01:22:16]} {[%emt 00:03:33]}
11. Bd2 {[%clk 01:24:41]} {[%emt 00:01:09]} Nf5 {[%clk 01:19:57]} {[%emt
00:02:49]} 12. Qe1 {[%clk 01:09:47]} {[%emt 00:15:25]} h5 {[%clk 01:15:23]}
{[%emt 00:05:03]} 13. Ne4 {[%clk 00:53:45]} {[%emt 00:16:32]} Rb8 {[%clk
00:56:12]} {[%emt 00:19:40]} 14. h3 {[%clk 00:42:35]} {[%emt 00:11:41]} Ngh6
{[%clk 00:50:22]} {[%emt 00:06:20]} 15. Bc3 {[%clk 00:32:39]} {[%emt 00:10:27]}
Nd4 {[%clk 00:44:24]} {[%emt 00:06:27]} 16. Nxc5 {[%clk 00:29:34]} {[%emt
00:03:35]} Nxc2 {[%clk 00:41:53]} {[%emt 00:03:00]} 17. Qd2 {[%clk 00:20:41]}
{[%emt 00:09:23]} Nd4 {[%clk 00:41:34]} {[%emt 00:00:50]} 18. Nb3 {[%clk
00:14:04]} {[%emt 00:07:07]} Nxf3+ {[%clk 00:31:35]} {[%emt 00:10:28]} 19. Rxf3
{[%clk 00:14:29]} {[%emt 00:00:05]} Nf5 {[%clk 00:31:50]} {[%emt 00:00:14]} 20.
g4 {[%clk 00:06:13]} {[%emt 00:08:46]} hxg4 {[%clk 00:24:42]} {[%emt 00:07:39]}
21. hxg4 {[%clk 00:06:40]} {[%emt 00:00:04]} Nd4 {[%clk 00:24:42]} {[%emt
00:00:30]} 22. Rg3 {[%clk 00:05:23]} {[%emt 00:01:48]} Be6 {[%clk 00:16:01]}
{[%emt 00:09:10]} 23. Nxd4 {[%clk 00:03:41]} {[%emt 00:02:13]} Bxd4+ {[%clk
00:16:06]} {[%emt 00:00:24]} 24. Bxd4 {[%clk 00:03:48]} {[%emt 00:00:24]} Qxd4+
{[%clk 00:16:26]} {[%emt 00:00:09]} 25. Qf2 {[%clk 00:04:09]} {[%emt 00:00:09]}
Qxf2+ {[%clk 00:16:16]} {[%emt 00:00:40]} 26. Kxf2 {[%clk 00:04:38]} {[%emt
00:00:02]} Rc8 {[%clk 00:16:32]} {[%emt 00:00:13]} 27. Bxb7 {[%clk 00:03:26]}
{[%emt 00:01:42]} Rc2+ {[%clk 00:16:38]} {[%emt 00:00:23]} 28. Ke3 {[%clk
00:03:54]} {[%emt 00:00:03]} Rxb2 {[%clk 00:15:17]} {[%emt 00:01:50]} 29. Bc6+
{[%clk 00:04:01]} {[%emt 00:00:24]} Kd8 {[%clk 00:15:19]} {[%emt 00:00:28]} 30.
a4 {[%clk 00:02:07]} {[%emt 00:02:24]} Rhh2 {[%clk 00:14:27]} {[%emt 00:01:20]}
31. Rf1 {[%clk 00:01:19]} {[%emt 00:01:19]} Rhe2+ {[%clk 00:13:55]} {[%emt
00:01:03]} 32. Kd4 {[%clk 00:01:26]} {[%emt 00:00:23]} Kc7 {[%clk 00:12:11]}
{[%emt 00:02:13]} 33. Bb5 {[%clk 00:01:25]} {[%emt 00:00:31]} Kd6 {[%clk
00:11:03]} {[%emt 00:01:38]} 34. f5 {[%clk 00:01:19]} {[%emt 00:00:37]} gxf5
{[%clk 00:07:17]} {[%emt 00:04:16]} 35. gxf5 {[%clk 00:01:48]} {[%emt
00:00:01]} Bxf5 {[%clk 00:07:20]} {[%emt 00:00:27]} 36. Rxf5 {[%clk 00:00:45]}
{[%emt 00:01:33]} e5+ {[%clk 00:07:38]} {[%emt 00:00:12]} 37. Rxe5 {[%clk
00:01:10]} {[%emt 00:00:05]} Rxe5 {[%clk 00:07:58]} {[%emt 00:00:09]} 38. Bc4
{[%clk 00:00:49]} {[%emt 00:00:52]} Rf5 {[%clk 00:07:47]} {[%emt 00:00:40]} 39.
Ke4 {[%clk 00:00:51]} {[%emt 00:00:28]} Rbf2 {[%clk 00:07:22]} {[%emt
00:00:55]} 40. Rg8 {[%clk 00:15:35]} {[%emt 00:00:47]} Ra5 {[%clk 00:21:16]}
{[%emt 00:01:36]} 41. Bb5 {[%clk 00:14:33]} {[%emt 00:01:33]} a6 {[%clk
00:21:23]} {[%emt 00:00:24]} 42. Ra8 {[%clk 00:11:45]} {[%emt 00:03:17]} Ra2
{[%clk 00:21:39]} {[%emt 00:00:13]} 43. d4 {[%clk 00:03:42]} {[%emt 00:08:34]}
Kc7 {[%clk 00:19:04]} {[%emt 00:03:05]} 44. Be8 {[%clk 00:01:58]} {[%emt
00:02:14]} f5+ {[%clk 00:17:36]} {[%emt 00:01:57]} 45. Kf4 {[%clk 00:01:25]}
{[%emt 00:01:02]} Kb7 {[%clk 00:15:25]} {[%emt 00:02:42]} 46. Rd8 {[%clk
00:01:45]} {[%emt 00:00:10]} Re2 {[%clk 00:15:20]} {[%emt 00:00:35]} 47. Kf3
{[%clk 00:00:36]} {[%emt 00:01:40]} Re1 {[%clk 00:14:44]} {[%emt 00:01:06]} 48.
Kf2 {[%clk 00:00:32]} {[%emt 00:00:34]} Re4 {[%clk 00:14:03]} {[%emt 00:01:10]}
49. Bh5 {[%clk 00:00:39]} {[%emt 00:00:24]} Kc7 {[%clk 00:14:16]} {[%emt
00:00:17]} 50. Rf8 {[%clk 00:00:33]} {[%emt 00:00:36]} Rxd4 {[%clk 00:14:35]}
{[%emt 00:00:11]} 51. Rf7+ {[%clk 00:00:33]} {[%emt 00:00:30]} Kd6 {[%clk
00:14:40]} {[%emt 00:00:25]} 52. Be2 {[%clk 00:00:32]} {[%emt 00:00:32]} Rdxa4
{[%clk 00:14:41]} {[%emt 00:00:29]} 53. Ke3 {[%clk 00:00:37]} {[%emt 00:00:25]}
Re5+ {[%clk 00:14:30]} {[%emt 00:00:40]} 54. Kd4 {[%emt 00:00:38]} 0-1

[Event "55th Ilmar raud Memorial"]
[Site "Viljandi, Estonia"]
[Date "2021.07.05"]
[Round "3.4"]
[White "Pedoson, Georg Aleksander"]
[Black "Chukavin, Kirill"]
[Result "1-0"]
[WhiteElo "2166"]
[BlackElo "2384"]

1. d4 {[%clk 01:29:26]} {[%emt 00:01:33]} Nf6 {[%clk 01:30:21]} {[%emt
00:00:40]} 2. c4 {[%clk 01:28:04]} {[%emt 00:01:52]} e6 {[%clk 01:30:44]}
{[%emt 00:00:06]} 3. Nc3 {[%clk 01:26:38]} {[%emt 00:01:56]} Bb4 {[%clk
01:31:04]} {[%emt 00:00:11]} 4. e3 {[%clk 01:23:32]} {[%emt 00:03:35]} O-O
{[%clk 01:29:10]} {[%emt 00:02:24]} 5. Nge2 {[%clk 01:23:03]} {[%emt 00:00:59]}
d5 {[%clk 01:28:35]} {[%emt 00:01:05]} 6. a3 {[%clk 01:20:04]} {[%emt
00:03:29]} Bd6 {[%clk 01:28:52]} {[%emt 00:00:12]} 7. Ng3 {[%clk 01:19:55]}
{[%emt 00:00:40]} c6 {[%clk 01:28:11]} {[%emt 00:01:11]} 8. cxd5 {[%clk
01:18:01]} {[%emt 00:02:24]} exd5 {[%clk 01:28:27]} {[%emt 00:00:14]} 9. Bd3
{[%clk 01:17:41]} {[%emt 00:00:51]} Re8 {[%clk 01:28:28]} {[%emt 00:00:29]} 10.
O-O {[%clk 01:13:50]} {[%emt 00:04:20]} a5 {[%clk 01:25:04]} {[%emt 00:03:55]}
11. Bd2 {[%clk 01:04:51]} {[%emt 00:09:29]} Na6 {[%clk 01:19:39]} {[%emt
00:05:55]} 12. h3 {[%clk 00:51:10]} {[%emt 00:14:11]} g6 {[%clk 01:07:45]}
{[%emt 00:12:24]} 13. Rc1 {[%clk 00:33:17]} {[%emt 00:18:23]} Bxg3 {[%clk
00:46:10]} {[%emt 00:22:05]} 14. fxg3 {[%clk 00:33:30]} {[%emt 00:00:17]} Ne4
{[%clk 00:46:09]} {[%emt 00:00:30]} 15. Bxe4 {[%clk 00:27:51]} {[%emt
00:06:10]} dxe4 {[%clk 00:46:12]} {[%emt 00:00:27]} 16. Rf4 {[%clk 00:24:25]}
{[%emt 00:03:56]} f5 {[%clk 00:42:50]} {[%emt 00:03:50]} 17. g4 {[%clk
00:22:11]} {[%emt 00:02:45]} g5 {[%clk 00:31:23]} {[%emt 00:11:56]} 18. Rxf5
{[%clk 00:22:18]} {[%emt 00:00:24]} Bxf5 {[%clk 00:31:36]} {[%emt 00:00:16]} 19.
gxf5 {[%clk 00:22:42]} {[%emt 00:00:06]} Qe7 {[%clk 00:20:57]} {[%emt
00:11:09]} 20. Qg4 {[%clk 00:19:38]} {[%emt 00:03:34]} Rad8 {[%clk 00:14:44]}
{[%emt 00:06:43]} 21. Rf1 {[%clk 00:18:52]} {[%emt 00:01:17]} Rd6 {[%clk
00:14:28]} {[%emt 00:00:46]} 22. Rf4 {[%clk 00:15:11]} {[%emt 00:04:10]} Nc5
{[%clk 00:11:54]} {[%emt 00:03:04]} 23. f6 {[%clk 00:13:52]} {[%emt 00:01:49]}
1-0

[Event "55th Ilmar raud Memorial"]
[Site "Viljandi, Estonia"]
[Date "2021.07.05"]
[Round "3.6"]
[White "Shishkov, Andrei"]
[Black "Andrijashkin, Deniss"]
[Result "1-0"]
[WhiteElo "2405"]
[BlackElo "2073"]

1. d4 {[%clk 01:30:58]} {[%emt 00:00:01]} Nf6 {[%clk 01:25:47]} {[%emt
00:05:10]} 2. c4 {[%clk 01:31:26]} {[%emt 00:00:07]} g6 {[%clk 01:26:09]}
{[%emt 00:00:08]} 3. Nc3 {[%clk 01:31:52]} {[%emt 00:00:04]} Bg7 {[%clk
01:26:35]} {[%emt 00:00:03]} 4. e4 {[%clk 01:32:18]} {[%emt 00:00:04]} d6
{[%clk 01:27:03]} {[%emt 00:00:03]} 5. f3 {[%clk 01:32:44]} {[%emt 00:00:04]}
O-O {[%clk 01:27:25]} {[%emt 00:00:08]} 6. Be3 {[%clk 01:33:11]} {[%emt
00:00:03]} Nc6 {[%clk 01:27:37]} {[%emt 00:00:18]} 7. Qd2 {[%clk 01:33:28]}
{[%emt 00:00:13]} a6 {[%clk 01:28:03]} {[%emt 00:00:04]} 8. O-O-O {[%clk
01:33:47]} {[%emt 00:00:10]} Bd7 {[%clk 00:42:24]} {[%emt 00:46:09]} 9. h4
{[%clk 01:32:54]} {[%emt 00:01:22]} e5 {[%clk 00:42:19]} {[%emt 00:00:35]} 10.
d5 {[%clk 01:29:14]} {[%emt 00:04:10]} Nd4 {[%clk 00:42:30]} {[%emt 00:00:19]}
11. Nge2 {[%clk 01:28:40]} {[%emt 00:01:04]} Nxe2+ {[%clk 00:41:33]} {[%emt
00:01:27]} 12. Bxe2 {[%clk 01:28:55]} {[%emt 00:00:14]} Nh5 {[%clk 00:41:46]}
{[%emt 00:00:17]} 13. g4 {[%clk 01:20:59]} {[%emt 00:08:26]} Nf4 {[%clk
00:30:11]} {[%emt 00:12:05]} 14. Bd3 {[%clk 01:16:19]} {[%emt 00:05:10]} Nxd3+
{[%clk 00:29:05]} {[%emt 00:01:37]} 15. Qxd3 {[%clk 01:16:04]} {[%emt
00:00:45]} f5 {[%clk 00:29:23]} {[%emt 00:00:12]} 16. Rdg1 {[%clk 00:55:18]}
{[%emt 00:21:14]} fxg4 {[%clk 00:25:44]} {[%emt 00:04:10]} 17. fxg4 {[%clk
00:55:39]} {[%emt 00:00:09]} Rf3 {[%clk 00:21:22]} {[%emt 00:04:52]} 18. Qe2
{[%clk 00:48:48]} {[%emt 00:07:21]} Qf6 {[%clk 00:20:55]} {[%emt 00:00:54]} 19.
h5 {[%clk 00:47:50]} {[%emt 00:01:31]} Bf8 {[%clk 00:04:13]} {[%emt 00:17:11]}
20. Kb1 {[%clk 00:39:31]} {[%emt 00:08:50]} Qf7 {[%clk 00:03:53]} {[%emt
00:00:49]} 21. a3 {[%clk 00:23:28]} {[%emt 00:16:34]} Be7 {[%clk 00:02:21]}
{[%emt 00:01:58]} 22. hxg6 {[%clk 00:22:03]} {[%emt 00:01:59]} hxg6 {[%clk
00:02:49]} {[%emt 00:00:02]} 23. Qh2 {[%clk 00:21:35]} {[%emt 00:00:56]} Bf6
{[%clk 00:00:36]} {[%emt 00:02:43]} 24. Bg5 {[%clk 00:19:18]} {[%emt 00:02:48]}
Bg7 {[%clk 00:00:37]} {[%emt 00:00:28]} 25. Qh7+ {[%clk 00:16:50]} {[%emt
00:02:59]} Kf8 {[%clk 00:01:06]} {[%emt 00:00:01]} 26. Bh6 {[%clk 00:16:30]}
{[%emt 00:00:50]} Bxh6 {[%clk 00:01:01]} {[%emt 00:00:35]} 27. Qh8+ {[%clk
00:15:39]} {[%emt 00:01:21]} Qg8 {[%clk 00:00:38]} {[%emt 00:00:40]} 28. Rxh6
{[%clk 00:14:28]} {[%emt 00:01:54]} Be8 {[%clk 00:00:33]} {[%emt 00:00:33]} 29.
Qxg8+ {[%clk 00:11:03]} {[%emt 00:03:57]} Kxg8 {[%clk 00:01:03]} {[%emt
00:00:01]} 30. Rgh1 {[%clk 00:11:31]} {[%emt 00:00:02]} Rf7 {[%clk 00:00:33]}
{[%emt 00:00:59]} 31. Rh8+ {[%clk 00:08:33]} {[%emt 00:03:28]} Kg7 {[%clk
00:01:02]} {[%emt 00:00:01]} 32. R1h7+ {[%clk 00:08:47]} {[%emt 00:00:16]} Kf6
{[%clk 00:01:28]} {[%emt 00:00:04]} 33. g5+ {[%clk 00:09:07]} {[%emt 00:00:10]}
Ke7 {[%clk 00:01:56]} {[%emt 00:00:03]} 34. Rxf7+ {[%clk 00:09:25]} {[%emt
00:00:12]} Kxf7 {[%clk 00:01:57]} {[%emt 00:00:29]} 35. Rh7+ {[%clk 00:09:48]}
{[%emt 00:00:07]} Kf8 {[%clk 00:01:08]} {[%emt 00:01:18]} 36. Rxc7 {[%clk
00:10:13]} {[%emt 00:00:07]} Rb8 {[%clk 00:01:15]} {[%emt 00:00:22]} 37. b4
{[%clk 00:08:07]} {[%emt 00:02:36]} b6 {[%clk 00:01:29]} {[%emt 00:00:16]} 38.
Kc2 {[%clk 00:07:53]} {[%emt 00:00:43]} 1-0